000 01527cam a2200385 i 4500
001 17298961
003 EG-ScBUE
005 20250217092008.0
008 120514t2012 cauab f b 001 0 eng d
020 _a9789774166228
040 _aCSt/DLC
_beng
_erda
_cCSt
_dDLC
_dEG-ScBUE
043 _af-ua---
_af-sj---
_aa-tu---
082 0 4 _a306.3620962
_222
_bPOW
100 1 _aPowell, Eve Troutt,
_eauthor.
245 1 0 _aTell this in my memory :
_bstories of enslavement from Egypt, Sudan, and the Ottoman Empire /
_cEve M. Troutt Powell.
264 1 _aStanford, California :
_bStanford University Press,
_c[2012]
264 4 _cc2013
300 _axiv, 246 pages :
_billustrations, maps ;
_c24 cm
336 _atext
_2rdacontent
_btxt
337 _aunmediated
_2rdamedia
_bn
338 _avolume
_2rdacarrier
_bnc
504 _aIncludes bibliographical references and index.
650 7 _aSlavery
_zEgypt
_xHistory
_y19th century.
_2BUEsh
650 7 _aEnslaved persons
_zEgypt
_xHistory
_y19th century.
_2BUEsh
650 7 _aSlavery
_zSudan
_xHistory
_y19th century.
_2BUEsh
650 7 _aEnslaved persons
_zSudan
_xHistory
_y19th century.
_2BUEsh
650 7 _aSlavery
_zTurkey
_xHistory
_y19th century.
_2BUEsh
650 7 _aEnslaved persons
_zTurkey
_xHistory
_y19th century.
_2BUEsh
653 _cFebruary2025
_bMASPPSS
655 _vReading book
906 _a7
_bcbc
_corignew
_d1
_eecip
_f20
_gy-gencatlg
942 _2ddc
_cBB
999 _c30894
_d30865